| 000 -LEADER | |
|---|---|
| fixed length control field | 00419nam a22001697a 4500 |
| 005 - DATE AND TIME OF LATEST TRANSACTION | |
| control field | 20211127105636.0 |
| 008 - FIXED-LENGTH DATA ELEMENTS--GENERAL INFORMATION | |
| fixed length control field | 160430b xxu||||| |||| 00| 0 eng d |
| 020 ## - INTERNATIONAL STANDARD BOOK NUMBER | |
| ISBN | 978-81-259-23473 |
| 041 ## - LANGUAGE CODE | |
| Language code of text/sound track or separate title | eng |
| 082 ## - DEWEY DECIMAL CLASSIFICATION NUMBER | |
| Item number | 1007 |
| Classification number | 338.5024658 |
| 100 ## - MAIN ENTRY--AUTHOR NAME | |
| Personal name | Dwivedi, D.N. |
| 245 ## - TITLE STATEMENT | |
| Title | Managerial Economics. |
| 260 ## - PUBLICATION, DISTRIBUTION, ETC. (IMPRINT) | |
| Name of publisher | Vikas Publishing house Pvt. Ltd. |
| Year of publication | 2009 |
| 300 ## - PHYSICAL DESCRIPTION | |
| Number of Pages | 703 |
| 650 ## - SUBJECT ADDED ENTRY--TOPICAL TERM | |
| Topical Term | Management |
| 942 ## - ADDED ENTRY ELEMENTS (KOHA) | |
| Koha item type | Books |
| Lost status | Damaged status | Collection code | Home library | Shelving location | Date acquired | Cost, normal purchase price | Full call number | Accession Number | Koha item type | Current library |
|---|---|---|---|---|---|---|---|---|---|---|
| MANAGEMENT | JRU Library | SHELF-60-D | 30/04/2016 | 375.00 | 338.502 465 8 | 1007 | Books | |||
| MANAGEMENT | JRU Library | SHELF-60-D | 30/04/2016 | 375.00 | 338.502 465 8 | 1008 | Books | |||
| MANAGEMENT | JRU Library | 30/04/2016 | 375.00 | 338.502 465 8 | 1009 | Books | JRU Library | |||
| MANAGEMENT | JRU Library | 30/04/2016 | 375.00 | 338.502 465 8 | 1010 | Books | JRU Library |